Cricketers in T20i World Cup Final Match - Statistics

General Stats
  • This quiz has been taken 32 times
  • The average score is 64 of 136
Answer Stats
Answer % Correct
Virat Kohli
95%
Steve Smith
91%
Ben Stokes
86%
Jos Buttler
86%
Rohit Sharma
86%
Harbhajan Singh
82%
Joginder Sharma
82%
RP Singh
82%
Yuvraj Singh
82%
Babar Azam
77%
David Warner
77%
Kane Williamson
77%
Moeen Ali
77%
Mohit Sharma
77%
MS Dhoni
77%
Shaheen Afridi
77%
Shahid Afridi
77%
Alex Hales
73%
Chris Gayle
73%
Jason Roy
73%
Joe Root
73%
Josh Hazlewood
73%
Mitchell Starc
73%
Trent Boult
73%
Aaron Finch
68%
Adil Rashid
68%
Glenn Maxwell
68%
Kumar Sangakkara
68%
Lasith Malinga
68%
Martin Guptill
68%
Pat Cummins
68%
Shadab Khan
68%
Tim Southee
68%
Younis Khan
68%
Adam Zampa
64%
Eoin Morgan
64%
Marcus Stoinis
64%
Mohammad Rizwan
64%
Ravichandran Ashwin
64%
Tillakaratne Dilshan
64%
Daren Sammy
59%
Dwayne Bravo
59%
Gautam Gambhir
59%
Marlon Samuels
59%
Matthew Wade
59%
Mitchell Marsh
59%
Mitchell Santner
59%
Naseem Shah
59%
Ravindra Jadeja
59%
Carlos Brathwaite
55%
Chris Woakes
55%
Haris Rauf
55%
Iftikhar Ahmed
55%
Johnson Charles
55%
Kevin Pietersen
55%
Mahela Jayawardene
55%
Sam Curran
55%
Shoaib Malik
55%
Sunil Narine
55%
Ajinkya Rahane
50%
Andre Russell
50%
Chris Jordan
50%
Harry Brook
50%
Kieron Pollard
50%
Liam Livingstone
50%
Paul Collingwood
50%
Rangana Herath
50%
Shane Watson
50%
Suresh Raina
50%
Thisara Perera
50%
Angelo Mathews
45%
Bhuvneshwar Kumar
45%
Daryl Mitchell
45%
Irfan Pathan
45%
Ish Sodhi
45%
James Neesham
45%
Kusal Perera
45%
Michael Clarke
45%
Misbahul Haq
45%
Phil Salt
45%
Stuart Broad
45%
Lendl Simmons
41%
Liam Plunkett
41%
Mohammad Hafeez
41%
Mohammad Wasim
41%
Saeed Ajmal
41%
Shanthakumaran Sreesanth
41%
Yusuf Pathan
41%
Denesh Ramdin
36%
Glenn Phillips
36%
Nuwan Kulasekara
36%
Robin Uthappa
36%
Samuel Badree
36%
Umar Gul
36%
Adam Milne
32%
Ajantha Mendis
32%
Craig Kieswetter
32%
David Hussey
32%
David Willey
32%
Jeevan Mendis
32%
Michael Hussey
32%
Mohammad Amir
32%
Mohammad Nawaz
32%
Muttiah Muralitharan
32%
Chamara Silva
27%
Graeme Swann
27%
Mitchell Johnson
27%
Mohammad Asif
27%
Mohammad Haris
27%
Ravi Rampaul
27%
Shan Masood
27%
Amit Mishra
23%
Cameron White
23%
Kamran Akmal
23%
Luke Wright
23%
Sanath Jayasuriya
23%
Sohail Tanvir
23%
Sulieman Benn
23%
Tim Bresnan
18%
Tim Seifert
18%
Abdul Razzaq
14%
Brad Haddin
14%
Michael Lumb
14%
Michael Yardy
14%
Ryan Sidebottom
14%
Shahzaib Hasan
14%
Shaun Tait
14%
Dirk Nannes
9%
Imran Nazir
9%
Isuru Udana
9%
Lahiru Thirimanne
9%
Yasir Arafat
9%
Fawad Alam
5%
Akila Dananjaya
0%
Jehan Mubarak
0%
Sachithra Senanayake
0%
No matching quizzes found
Score Distribution
Percent of People with Each Score
Percentile by Number Answered
Your Score History
You have not taken this quiz